00522nam a22001457a 4500010001300000020002900013035001200042082004200054100007800096245012100174250001600295260003300311270001800344300001400362 aMAL-9459 a978-93.54167386-c240.00 aMA-8916 2.1st editiona204.3bഅബ്രഹ  a പ്രശാന്ത് ജേക്കബ് എബ്രഹാം  aവിപ സ്സന ധ്യാനം cഎബ്രഹാം ജേക്കബ് പ്രശാന്ത്  aIst edition a bpublished by authorc2020 bകേരള  a79pc21cm